E-PR : (Record no. 1393)

MARC details
000 -LEADER
fixed length control field 00880cam a2200181 a 4500
020 ## - INTERNATIONAL STANDARD BOOK NUMBER
ISBN 0749434341
022 ## - INTERNATIONAL STANDARD SERIAL NUMBER
ISSN 9780749434342
050 00 - CALL NUMBER
Classification number HD59
Item number .H23
100 1# - AUTHOR
Personal name Haig, Matt.
245 10 - TITLE
Title E-PR :
Remainder of title the essential guide to public relations on the Internet /
Statement of responsibility, etc Matt Haig.
260 ## - PUBLICATION INFORMATION
Place of publication London ;
-- Dover, NH. :
Name of publisher Kogan Page,
Year of publication 2000.
300 ## - DESCRIPTION
Number of Pages vii, 166 p. :
Other physical details ill. ;
Dimensions 24 cm.
500 ## - NOTES
General note Includes index
505 ## - FORMATTED CONTENTS NOTE
Table of Content 1. Introducing e-PR --<br/>2. E-PR preparation --<br/>3. E-PR and research --<br/>4. Web site basics --<br/>5. Get interactive --<br/>6. Make your site a resource --<br/>7. Search engines --<br/>8. Action e-PR --<br/>9. E-mail essentials --<br/>10. Discussion groups --<br/>11. Online newsletters --<br/>12. Internal e-PR --<br/>13. E-media relations --<br/>14. Crisis e-PR --<br/>15. E-PR in the 'real world'
650 #0 - SUBJECTS
Topical Term Public relations
General subdivision Computer networks.
650 #0 - SUBJECTS
Topical Term Internet.
942 ## - ADDED ENTRY ELEMENTS (KOHA)
Koha item type Books
Holdings
Withdrawn status Lost status Collection code Home library Current library Shelving location Date acquired Full call number Accession Number Koha item type
    Reference Methodist University Library Main Methodist University Library Main General Stacks 11/11/2009 HD59 .H23 30148 Books
Copyright © 2026  MUG Library